The Literature of The Victorian Era / (Record no. 186105)

000 -LEADER
fixed length control field 00563 a2200169 4500
003 - CONTROL NUMBER IDENTIFIER
control field Nust
005 - DATE AND TIME OF LATEST TRANSACTION
control field 20230126185216.0
040 ## - CATALOGING SOURCE
Transcribing agency Nust
082 ## - DEWEY DECIMAL CLASSIFICATION NUMBER
Classification number 842,WAL
100 ## - MAIN ENTRY--PERSONAL NAME
Personal name Walker ,Hugh
9 (RLIN) 107829
245 ## - TITLE STATEMENT
Title The Literature of The Victorian Era /
Statement of responsibility, etc. Hugh Walker L.L.D
260 ## - PUBLICATION, DISTRIBUTION, ETC.
Place of publication, distribution, etc. Cambridge
Name of publisher, distributor, etc. University Press
Date of publication, distribution, etc. 1931
300 ## - PHYSICAL DESCRIPTION
Extent xxxvi, 1058:p
505 ## - FORMATTED CONTENTS NOTE
Formatted contents note Introduction (Page-1), Speculative Thought (Page-80), Creative Art. A Poetry (Page-240), Creative Art. Prose Fiction (Page-612), ET Cetera (Page-818).
650 ## - SUBJECT ADDED ENTRY--TOPICAL TERM
Topical term or geographic name entry element Literature
9 (RLIN) 6261
942 ## - ADDED ENTRY ELEMENTS (KOHA)
Source of classification or shelving scheme
Koha item type Book
Holdings
Withdrawn status Lost status Source of classification or shelving scheme Damaged status Not for loan Permanent Location Current Location Shelving location Date acquired Full call number Barcode Date last seen Price effective from Koha item type Public note
          Military College of Signals (MCS) Military College of Signals (MCS) General Stacks 12/12/2016 842,WAL MCS30072 12/08/2016 12/12/2016 Book Almirah No.58, Shelf No.1
© 2023 Central Library, National University of Sciences and Technology. All Rights Reserved.